00000000nam##2200000za#4500
0019.696050
003CaOODSP
00520240527135429
007cr |||||||||||
008150407|2003||||xxc|||||o    f|0| 0 eng|d
040 |aCaOODSP|beng
043 |an-cn---
0861 |aCW66-225/2003E-PDF
1102 |aCanadian Wildlife Service.
24510|aSpecies at Risk Act : |h[electronic resource]|ba guide
260 |aOttawa - Ontario : |bEnvironment Canada. |cJune 2003.
300 |a26p.
500 |aThe catalogue number (CW66-225/2003) and ISBN (0-662-67439-1) for the bilingual print edition have been incorrectly copied in this electronic publication.
590 |a12-32-Supp|b2012-07-11
69007|aEndangered species|2gcpds
69007|aLegislation|2gcpds
77508|tLoi sur les espèces en péril : |w(CaOODSP)9.640167
7760#|tSpecies at Risk Act : |w(CaOODSP)9.664725
7760#|tLoi sur les espèces en péril : |w(CaOODSP)9.664726
85640|ahttp://publications.gc.ca|qPDF|s299 KB|uhttps://publications.gc.ca/collections/collection_2012/ec/CW66-225-2003-eng.pdf